Beyonce Charting Songs (Billboard Hot 100) - Statistics

General Stats
  • This quiz has been taken 399 times
    163 since last reset
  • The average score is 50 of 106
Answer Stats
Album Weeks On Peak Artist(s) Song % Correct
Dangerously in Love 27 Weeks #1 (8 Weeks) Beyonce ft. Jay-Z Crazy in Love
99%
The Fame Monster 33 Weeks #3 Lady Gaga ft. Beyonce Telephone
93%
I Am... Sasha Fierce 27 Weeks #1 (4 Weeks) Beyonce Single Ladies (Put a Ring on It)
92%
Cowboy Carter 20 Weeks #1 (2 Weeks) Beyonce Texas Hold 'Em
90%
BEYONCE 20 Weeks #2 Beyonce ft. Jay-Z Drunk in Love
88%
I Am... Sasha Fierce 31 Weeks #5 Beyonce Halo
87%
B'Day 18 Weeks #3 Beyonce & Shakira Beautiful Liar
84%
Suga 28 Weeks #1 (1 Week) Megan Thee Stallion ft. Beyonce Savage
84%
Dangerously in Love 29 Weeks #1 (9 Weeks) Beyonce ft. Sean Paul Baby Boy
83%
B'Day 30 Weeks #1 (10 Weeks) Beyonce Irreplaceable
83%
Non-Album Single 57 Weeks #1 (6 Weeks) Ed Sheeran Duet with Beyonce Perfect
83%
Renaissance 18 Weeks #1 (2 Weeks) Beyonce BREAK MY SOUL
82%
Lemonade 7 Weeks #10 Beyonce Formation
80%
Renaissance 35 Weeks #6 Beyonce CUFF IT
77%
Cowboy Carter 1 Week #61 Beyonce & Shaboozy Sweet / Honey / Buckiin'
76%
B'Day 17 Weeks #4 Beyonce ft. Jay-Z Deja Vu
72%
Lemonade 14 Weeks #13 Beyonce Hold Up
70%
Cowboy Carter 3 Weeks #7 Beyonce Jolene
69%
Lemonade 20 Weeks #11 Beyonce Sorry
69%
Cowboy Carter 6 Weeks #6 Beyonce & Miley Cyrus II Most Wanted
67%
I Am... Sasha Fierce 20 Weeks #3 Beyonce If I Were a Boy
66%
#1's 28 Weeks #1 (5 Weeks) Beyonce ft. Slim Thug Check On It
64%
4 20 Weeks #20 Beyonce Love on Top
64%
BEYONCE 20 Weeks #13 Beyonce 7/11
62%
Dangerously in Love 22 Weeks #3 Beyonce Naughty Girl
61%
Non-Album Single 30 Weeks #3 J Balvin & Willy William ft. Beyonce Mi Gente
60%
4 13 Weeks #29 Beyonce Run The World (Girls)
60%
I Am... Sasha Fierce 29 Weeks #10 Beyonce Sweet Dreams
59%
Dangerously in Love 20 Weeks #57 Beyonce Dangerously in Love
58%
I Am... Sasha Fierce 5 Weeks #65 Beyonce ft. Lady Gaga Video Phone
58%
Renaissance 5 Weeks #19 Beyonce ALIEN SUPERSTAR
57%
Renaissance 5 Weeks #38 Beyonce & Kendrick Lamar AMERICA HAS A PROBLEM
56%
I Am... Sasha Fierce 20 Weeks #19 Beyonce Diva
55%
Lemonade 3 Weeks #18 Beyonce ft. The Weeknd 6 Inch
54%
BEYONCE 21 Weeks #23 Beyonce Partition
54%
4 2 Weeks #57 Beyonce 1+1
53%
Lemonade 2 Weeks #35 Beyonce ft. Kendrick Lamar Freedom
51%
Cowboy Carter 6 Weeks #38 Beyonce 16 Carriages
50%
BEYONCE 20 Weeks #41 Beyonce ft. Nicki Minaj or Chimamanda Ngozi Adichie ***Flawless
50%
Dangerously in Love 24 Weeks #4 Beyonce Me, Myself & I
50%
Renaissance 2 Weeks #27 Beyonce ft. BEAM ENERGY
49%
Cowboy Carter 2 Weeks #16 Beyonce & Post Malone Levii's Jeans
49%
4 20 Weeks #16 Beyonce Best Thing I Never Had
48%
BEYONCE 10 Weeks #45 Beyonce XO
48%
Lemonade 2 Weeks #38 Beyonce All Night
46%
Cowboy Carter 2 Weeks #27 Beyonce ft. Brittney Spencer, Reyna Roberts, Tanner Adell & Tiera Kennedy Blackbiird
46%
Lemonade 2 Weeks #28 Beyonce ft. Jack White Don't Hurt Yourself
45%
Dreamgirls 12 Weeks #61 Beyonce Listen
45%
Renaissance 1 Week #55 Beyonce ft. Grace Jones & Tems MOVE
45%
Renaissance 2 Weeks #30 Beyonce COZY
44%
4 18 Weeks #50 Beyonce ft. Andre 3000 Party
44%
The Blueprint 2: The Gift & The Curse 23 Weeks #4 Jay-Z ft. Beyonce '03 Bonnie & Clyde
43%
4 15 Weeks #71 Beyonce Countdown
43%
The Pinkprint 20 Weeks #39 Nicki Minaj ft. Beyonce Feeling Myself
43%
B'Day 18 Weeks #59 Beyonce ft. Jay-Z Upgrade U
43%
The Lion King: The Gift 1 Week #76 Beyonce, SAINt JHN & Wizkid ft. Blue Ivy Carter Brown Skin Girl
42%
Renaissance 2 Weeks #26 Beyonce I'M THAT GIRL
42%
B'Day 14 Weeks #11 Beyonce Ring the Alarm
42%
Cowboy Carter 1 Week #31 Beyonce, Linda Martell & Shaboozey Spaghettii
41%
I Am... Sasha Fierce 17 Weeks #39 Beyonce Ego
40%
Renaissance 1 Week #53 Beyonce THIQUE
40%
Cowboy Carter 1 Week #30 Beyonce Ameriican Requiem
39%
Lemonade 2 Weeks #41 Beyonce Daddy Lessons
39%
B'Day 19 Weeks #46 Beyonce Get Me Bodied
39%
Renaissance 5 Weeks #22 Beyonce CHURCH GIRL
38%
Renaissance 1 Week #51 Beyonce HEATED
38%
BEYONCE 2 Weeks #82 Beyonce ft. Drake Mine
38%
Renaissance 1 Week #41 Beyonce PLASTIC OFF THE SOFA
38%
Lemonade 2 Weeks #43 Beyonce Sandcastles
38%
Renaissance 1 Week #47 Beyonce SUMMER RENAISSANCE
38%
Cowboy Carter 2 Weeks #26 Beyonce Bodyguard
37%
Cowboy Carter 2 Weeks #44 Beyonce & Dolly Parton Tyrant
37%
Lemonade 2 Weeks #47 Beyonce Love Drought
36%
Renaissance 1 Week #43 Beyonce VIRGO'S GROOVE
36%
Cowboy Carter 1 Week #42 Beyonce & Rumi Carter Protector
34%
Renaissance 1 Week #64 Beyonce PURE / HONEY
34%
Renaissance 1 Week #70 Beyonce ALL UP IN YOUR MIND
33%
Cowboy Carter 2 Weeks #39 Beyonce Ya Ya
32%
Cowboy Carter 1 Week #37 Beyonce Daughter
31%
Lemonade 1 Week #63 Beyonce ft. James Blake Forward
31%
Revival 5 Weeks #14 Eminem ft. Beyonce Walk on Water
31%
Father of Asahd 7 Weeks #22 DJ Khaled ft. Future, Jay-Z & Beyonce Top Off
30%
Cowboy Carter 1 Week #60 Beyonce II Hands II Heaven
29%
Lemonade 2 Weeks #37 Beyonce Pray You Catch Me
29%
FutureSex/LoveSounds 25 Weeks #17 Justin Timberlake Duet with Beyonce Until the End of Time
28%
Cowboy Carter 1 Week #87 Beyonce Amen
26%
The Lion King: Original Motion Picture Soundtrack and The Lion King: The Gift 1 Week #98 Beyonce Spirit
26%
4 15 Weeks #78 Beyonce Dance For You
25%
Cowboy Carter 1 Week #59 Beyonce & Willie Jones Just For Fun
25%
Cowboy Carter 1 Week #51 Beyonce Riiverdance
25%
Cowboy Carter 1 Week #52 Beyonce Alliigator Tears
24%
Cowboy Carter 1 Week #63 Beyonce Flamenco
24%
Non-Album Single 1 Week #57 Beyonce My House
24%
Homecoming: The Live Album 16 Weeks #65 Beyonce Before I Let Go
23%
Grateful 14 Weeks #57 DJ Khaled ft. Beyonce & Jay-Z Shining
23%
Non-Album Single 1 Week #90 Naughty Boy ft. Beyonce & Arrow Benjamin Runnin' (Lose It All)
22%
Cowboy Carter 1 Week #65 Beyonce Desert Eagle
21%
Here I Stand 14 Weeks #18 Usher ft. Beyonce & Lil Wayne Love in This Club Part II
21%
The Lion King: The Gift 1 Week #90 Beyonce, Jay-Z & Childish Gambino ft. Oumou Sangare MOOD 4 EVA
21%
Cowboy Carter 1 Week #54 Beyonce My Rose
21%
Non-Album Single 2 Weeks #37 Beyonce BLACK PARADE
19%
Magna Carta... Holy Grail 16 Weeks #77 Jay-Z ft. Beyonce Part II (On The Run)
19%
4:44 1 Week #51 Jay-Z ft. Beyonce Family Feud
17%
Cowboy Carter 1 Week #70 Beyonce Oh Louisiana
17%
Utopia 2 Weeks #25 Travi$ Scott & Beyonce DELRESTO (ECHOES)
15%
Cadillac Records 1 Week #67 Beyonce At Last
13%
No matching quizzes found
Score Distribution
Percent of People with Each Score
Percentile by Number Answered
Your Score History
You have not taken this quiz since the last reset